000 01781cam a2200397Ia 4500
001 58451365
003 OCoLC
005 20180623112409.0
008 050311s2004 nyuab j 000 1 spa d
020 _a0439661706 (pbk.)
020 _a9780439661706 (pbk.)
024 _a078073004508
040 _aDPU
_cDPU
_dSAP
_dCVS
041 1 _aspa
_heng
100 1 _aWilliams, Laura E.
240 1 0 _aMystery of the missing tiger
_l[Spanish]
245 1 3 _aEl misterio del tigre desaparecido /
_cLaura E. Williams ; [translated by Jose Ramon Ibanez].
260 _aNew York :
_bScholastic,
_cc2004.
300 _a117 p. :
_bill., map ;
_c20 cm.
440 1 _aMisterios del faro de Mystic.
500 _a"Scholastic en espanol" -- Cover.
500 _a"Resuevelos tu!" -- Cover.
520 _aThe circus has come to Mystic, Maine. Everyone is excited about a week of rides, flying trapeze artists, and most especially the fabulous white Siberian tiger. But on the day of the tiger's first big performance, it mysteriously disappears. Some people think it may have escaped, but Jen and Zeke know better -- they know it's been stolen. After other things start going terribly wrong at the circus, it's clear that someone is behind it all.
521 _a"Nivel de lectura 4 : 7 a 12 anos"--P. [4] of cover.
521 _aNew May 2008.
521 _aSpanish language collection.
650 0 _aMystery and detective stories
_vJuvenile fiction.
650 0 _aTigers
_vJuvenile fiction.
650 0 _aCircus
_vJuvenile fiction.
650 0 _aSpanish language materials
_vJuvenile fiction.
650 7 _aCircos
_vNovela juvenil.
_2bidex.
650 4 _aCuentos misterios y policiales.
650 7 _aTigres
_vNovela juvenil.
_2bidex.
800 1 _aWilliams, Laura E.
942 _cBK
999 _c20954
_d20954